Govt. of
Madhya Pradesh

Mahatma Gandhi (Record no. 14572)

MARC details
000 -LEADER
fixed length control field 004940000a22001810004500
001 - CONTROL NUMBER
control field 002663
003 - CONTROL NUMBER IDENTIFIER
control field MACL
005 - DATE AND TIME OF LATEST TRANSACTION
control field 20151023094522.0
008 - FIXED-LENGTH DATA ELEMENTS--GENERAL INFORMATION
fixed length control field 151023b xxu||||| |||| 00| 0 eng d
040 ## - CATALOGING SOURCE
Original cataloging agency MACL
Transcribing agency MACL
041 ## - LANGUAGE CODE
Language code of text/sound track or separate title English
082 ## - DEWEY DECIMAL CLASSIFICATION NUMBER
Classification number 954.04/KHO
100 ## - MAIN ENTRY--PERSONAL NAME
Personal name Khoshoo, T.N.
9 (RLIN) 3685
245 ## - TITLE STATEMENT
Title Mahatma Gandhi
Remainder of title An Apostle Of Applied Human Ecology
Statement of responsibility, etc. T.N. Khoshoo
260 ## - PUBLICATION, DISTRIBUTION, ETC. (IMPRINT)
Place of publication, distribution, etc. New Delhi
Date of publication, distribution, etc. 1996
Name of publisher, distributor, etc. Tata Energy Research Institute,
650 ## - SUBJECT ADDED ENTRY--TOPICAL TERM
Topical term or geographic name as entry element History
9 (RLIN) 16250
942 ## - ADDED ENTRY ELEMENTS (KOHA)
Call number prefix 954
Koha item type Books
Source of classification or shelving scheme
Holdings
Withdrawn status Lost status Source of classification or shelving scheme Damaged status Not for loan Home library Current library Date acquired Total Checkouts Full call number Barcode Date last seen Uniform Resource Identifier Price effective from Koha item type
          MACL MACL 15/04/2015   954.04/KHO CRE010027 02/05/2024 14458 15/04/2015 Books